000 00672nam a22001937a 4500
003 OSt
005 20251204070432.0
008 251204b |||||||| |||| 00| 0 eng d
020 _a978-971-06-5521-2
040 _aDWCL - Main Library
_cOC
082 _29th
_aRes. 892 L313e 2022
100 _aLapid,Milagros G.
245 _aEcas :
_benglish communication arts and skills through afro-asian literature 8 /
_cMilagros G. Lapid
260 _aQuezon City, Philippines:
_bPhoenix Publishing House,
_cc2022
300 _axiv, 356 pages :
_billustrations ;
_c25 cm.
650 _a1. African literature
650 _a2. Asian Literature
942 _2ddc
_cBK-0 CIRC
_e9th
_mRes.
_n0
999 _c6856
_d6856